00377nam a2200133Ia 4500008004100000082001400041100001900055245001500074260001800089600001500107942000700122952009700129999001700226241002s9999 xx 000 0 und d a808.3 CAM aCamous, Albert 4aThe plague aLondon:c1971 aLiterature cUC 00104070aUITUbUITUd1994-01-01l0o808.3 CAMpUC430r2024-10-02 09:31:20w2024-10-02yUC c18757d18757